Header

Revista de Educación de la Dirección de Escuelas de la Provincia de Buenos Aires. (Registro nro. 29928)

Detalles MARC
000 -CABECERA
campo de control de longitud fija 01158nas a2200229 a 4500
001 - NÚMERO DE CONTROL
campo de control 29928
003 - IDENTIFICADOR DE NÚMERO DE CONTROL
campo de control AR-BaAGN
005 - FECHA Y HORA DE LA ÚLTIMA TRANSACCIÓN
campo de control 20240109112724.0
007 - CAMPO FIJO DE DESCRIPCIÓN FÍSICA--INFORMACIÓN GENERAL
campo de control de longitud fija ta
008 - DATOS DE LONGITUD FIJA--INFORMACIÓN GENERAL
campo de control de longitud fija 220701s1924 ag |||p|r||||f|||||0spa d
040 ## - FUENTE DE CATALOGACIÓN
Centro catalogador/agencia de origen AR-BaAGN
Lengua de catalogación español
Normas de descripción aacr
942 ## - ELEMENTOS DE ENTRADA SECUNDARIOS (KOHA)
Tipo de ítem Koha Revista
110 2# - ENTRADA PRINCIPAL--NOMBRE DE ENTIDAD CORPORATIVA
Nombre de entidad corporativa o nombre de jurisdicción como elemento de entrada Gobierno Escolar de la Provincia de Buenos Aires
245 10 - MENCIÓN DEL TÍTULO
Título Revista de Educación de la Dirección de Escuelas de la Provincia de Buenos Aires.
260 ## - PUBLICACIÓN, DISTRIBUCIÓN, ETC.
Lugar de publicación, distribución, etc. La Plata :
Nombre del editor, distribuidor, etc. Taller de Impresiones Oficiales,
Fecha de publicación, distribución, etc. 1924.
300 ## - DESCRIPCIÓN FÍSICA
Extensión 309 páginas :
Otras características físicas fotos
336 ## - TIPO DE CONTENIDO
Fuente rdacontent
Código de tipo de contenido texto
337 ## - TIPO DE MEDIO
Fuente rdamedia
Código del tipo de medio no mediado
338 ## - TIPO DE SOPORTE
Fuente rdacarrier
Código del tipo de soporte volumen
520 ## - RESUMEN, ETC.
Sumario, etc. Pensamientos pedagógicos de Gabriela Mistral. Fomento de las bibliotecas populares. La educación primaria en Río de Janeiro. Las colonias de escolares de vacaciones. Oscar Wilde y su concepto de la educación práctica y estética de los niños. El progreso de nuestra instrucción primaria a través de los mensajes gubernativos. Documentación oficial: Circulares. Actas de Sesiones del Honorable Consejo General de Educación. Movimiento de personal docente de septiembre de 1923 y octubre de 1925
Existencias
Estado de retiro Estado de pérdida Estado de daño Biblioteca actual Ubicación en estantería Enumeración/cronología de publicación seriada Signatura topográfica completa Código de barras Tipo de ítem Koha
      Biblioteca del Archivo General de la Nación Ernesto H. Celesia - Hemeroteca No. 1, año 65 (ene.-feb. 1924) EC.h 118 Caja 22 CH118-CAJA22 Revista

Contacto

Dirección: Av. Leandro Alem 246, 3er piso (CABA).
Código postal: C1003AAP
Teléfono: 2206-0013
Correo electrónico: comunicacionagn@mininterior.gob.ar
Sitio Web: www.argentina.gob.ar/interior/archivo-general-de-la-nacion

AGN en las redes sociales

Facebook  /  Twitter  /  Instagram